Introduction to the report of the secretary-general on the work of the organization August 1972. (Record no. 692641)
[ view plain ]
| 000 -LEADER | |
|---|---|
| fixed length control field | 00924nam a2200253Ia 4500 |
| 003 - CONTROL NUMBER IDENTIFIER | |
| control field | OSt |
| 005 - DATE AND TIME OF LATEST TRANSACTION | |
| control field | 20220927105442.0 |
| 008 - FIXED-LENGTH DATA ELEMENTS--GENERAL INFORMATION | |
| fixed length control field | 220926b |||||||| |||| 00| 0 eng d |
| 037 ## - SOURCE OF ACQUISITION | |
| Terms of availability | Reference Collections |
| 040 ## - CATALOGING SOURCE | |
| Original cataloging agency | RTL |
| Transcribing agency | RTL |
| Language of cataloging | eng |
| 041 ## - LANGUAGE CODE | |
| Source of code | eng |
| Language code of text/sound track or separate title | eng |
| 110 ## - MAIN ENTRY--CORPORATE NAME | |
| Corporate name or jurisdiction name as entry element | "UNITED NATIONS, GENERAL ASSEMBLY. OFFICIAL RECORDS:TWENTY-SEVENTH SESSION." |
| 9 (RLIN) | 372648 |
| 245 #0 - TITLE STATEMENT | |
| Title | Introduction to the report of the secretary-general on the work of the organization August 1972. |
| 260 ## - PUBLICATION, DISTRIBUTION, ETC. | |
| Place of publication, distribution, etc. | New |
| Name of publisher, distributor, etc. | York United Nations |
| Date of publication, distribution, etc. | 1972 |
| 300 ## - PHYSICAL DESCRIPTION | |
| Extent | 6p |
| Dimensions | cm. |
| 500 ## - GENERAL NOTE | |
| General note | Supplement No.1A(A/8701/Add.1)) |
| 700 ## - ADDED ENTRY--PERSONAL NAME | |
| Personal name | "UNITED NATIONS, GENERAL ASSEMBLY. OFFICIAL RECORDS:TWENTY-SEVENTH SESSION." |
| 9 (RLIN) | 372649 |
| 942 ## - ADDED ENTRY ELEMENTS (KOHA) | |
| Classification part | "V1N45,933:8.N72, L2, 1A/UN" |
| Koha item type | |
No items available.
